000 00580nam a2200193Ia 4500
005 20250507130401.0
008 008 250505s9999 xx 000 0 eng d
020 _a0-520-25165-6
037 _aAnnuals, Advances
040 _aEASL
_beng
_cEASL
041 _aeng
_2eng
084 _aO42:g(S:55), P7
_qEASL
100 _aPelugfelder Gregory M. Au.
_9665995
245 0 _aCartographies of desire
260 _aUSA
_bBerkeley University of California Press
_c1999
300 _a399p.
942 _cTEXL
_hO42:g(S:55), P7
999 _c1319383
_d1319383